Statistics for Hong Kong Light Rail (LRT) Stations

Click here to take the quiz!

General Stats

  • This quiz has been taken 27 times
  • The average score is 32 of 68

Answer Stats

Answer% Correct
Tuen Mun
100%
Tin Shui
85%
Tin Shui Wai
85%
Yau Oi
77%
Yuen Long
77%
Leung King
69%
On Ting
69%
Sam Shing
69%
Siu Hong
69%
Tai Hing (North)
69%
Tai Hing (South)
69%
Tin King
69%
Wetland Park
69%
Butterfly
62%
Hong Lok Road
62%
Siu Lun
62%
Tuen Mun Hospital
62%
Ginza
54%
Hung Shui Kiu
54%
Lung Mun
54%
Ping Shan
54%
San Hui
54%
Shan King (North)
54%
Shan King (South)
54%
Tin Fu
54%
Tin Yat
54%
Town Centre
54%
Tuen Mun Ferry Pier
54%
Tuen Mun Swimming Pool
54%
Chung Fu
46%
Chung Uk Tsuen
46%
Ho Tin
46%
Kei Lun
46%
Kin On
46%
Lam Tei
46%
Ming Kum
46%
Tin Tsz
46%
Tin Yiu
46%
Affluence
38%
Ching Chung
38%
Fung Nin Road
38%
Fung Tei
38%
Hang Mei Tsuen
38%
Hoh Fuk Tong
38%
Melody Garden
38%
Nai Wai
38%
Pui To
38%
Siu Hei
38%
Tin Wing
38%
Kin Sang
31%
Ngan Wai
31%
San Wai
31%
Shek Pai
31%
Shui Pin Wai
31%
Tai Tong Road
31%
Tin Sau
31%
Tin Yuet
31%
Tsing Shan Tsuen
31%
Chestwood
23%
Choy Yee Bridge
23%
Goodview Garden
23%
Light Rail Depot
23%
Locwood
23%
Tin Heng
23%
Prime View
15%
Tin Wu
15%
Tong Fong Tsuen
15%
Tsing Wun
15%

Score Distribution

Percentile by Number Answered

Percent of People with Each Score

Your Score History

You have not taken this quiz